000
00412nam a2200157Ia 4500
008
100122s9999 xx 000 0 und d
082
_b
27482
_a
823
100
_a
लाटे दीनानाथ
245
_a
धुळफेक
250
_a
0
260
_b
दिलीप प्रकाशन
_c
1905
300
_a
246
630
_a
धुळफेक
730
_a
धुळफेक
942
_c
BOOK
999
_c
413540
_d
413537